000 00687nam a2200229Ia 4500
005 20240429130549.0
008 131103s9999 xx 000 0 und d
040 _aLoreto College
041 _aEnglish
082 _a371.42
_bBLU
100 _aBlum,Milton L.
245 _aCounseling and Psychology
_cMilton L.Blum and Benjamin Balinsky
250 _a vocational psychology and its relation to education and personal counseling
260 _aEnglewood
_bPrentice - Hall
_c1968
300 _axix,586 p.
504 _aIncludes bibliography and index
650 _aApplied Psychology
651 _aEducation
700 _aBalinsky,Benjamin
850 _aLCBED
942 _cBK
999 _c25997
_d76476